00522nam a2200181Ia 450000500170000000800410001702000260005804000190008404100120010308200130011510000200012824500800014826000340022830000070026250400490026965000120031885000100033020250523115528.0131103s9999 xx 000 0 und d a8172732546cRs 500.00 aLoreto College aEnglish a907bRAO aRao, Raghunath  alearn and teach historyb Based on UNESCO'S ICT Initiatives cRaghunath Rao aNew DelhibAuthorspressc2005 av. aIncludes index and bibliographical reference aHistory aLCBED